000 00517nam a2200193Ia 4500
003 OSt
005 20250522154941.0
008 210210b1978 xxu||||| |||| 00| 0 eng d
040 _cAL
041 _aKannada
082 _aK894.3 SHRM
100 _aSHRINIVASA (Eske).
_dಶ್ರೀನಿವಾಸ (ಎಸ್ಕೆ)
_9210707
245 _aMatsara.
_bಮತ್ಸರ
260 _aBengaluru
_bPampakshi Prakashana
_c1978
300 _a180
690 _aKannada Fiction
_9210708
906 _a035145
942 _2ddc
_cBK
999 _c85875
_d85875